[Event "Hastings Masters"]
[Site "Hastings"]
[Date "2006.12.31"]
[Round "4.21"]
[White "Ledger, David"]
[Black "Dickson, George"]
[Result "1-0"]
[WhiteElo "2276"]
[BlackElo "2171"]
[PlyCount "65"]
[EventDate "2006.12.28"]
[SourceDate "2006.12.28"]

1. e4 e5 2. Bc4 Nf6 3. d3 Nc6 4. Nf3 Bc5 5. c3 d6 6. Bb3 Bg4 7. h3 Bh5 8. Nbd2
Qe7 9. Nf1 h6 10. Ng3 O-O-O 11. Nxh5 Nxh5 12. Bd5 Nf6 13. b4 Bb6 14. O-O Nxd5
15. exd5 Nb8 16. a4 c6 17. a5 Bc7 18. c4 g5 19. Be3 f5 20. Bxa7 h5 21. b5 g4
22. a6 gxf3 23. axb7+ Kd7 24. dxc6+ Ke6 25. Qxf3 d5 26. Rfc1 e4 27. cxd5+ Rxd5
28. dxe4 Rxb5 29. exf5+ Rxf5 30. Re1+ Be5 31. Ra5 Nxc6 32. Qxc6+ Kf7 33. Qd5+
1-0

[Event "Hastings Masters"]
[Site "Hastings"]
[Date "2006.12.31"]
[Round "4.22"]
[White "Fryer, David"]
[Black "McNab, Colin"]
[Result "0-1"]
[WhiteElo "2101"]
[BlackElo "2433"]
[PlyCount "64"]
[EventDate "2006.12.28"]
[SourceDate "2006.12.28"]

1. e4 g6 2. d4 d6 3. Nc3 Bg7 4. Be3 Nf6 5. Qd2 c6 6. Nf3 Qa5 7. h3 Nbd7 8. Bd3
e5 9. a4 O-O 10. O-O Re8 11. Rfd1 Qc7 12. Rab1 a6 13. b4 b5 14. dxe5 dxe5 15.
Ng5 h6 16. Nf3 Kh7 17. g4 Nf8 18. g5 hxg5 19. Nxg5+ Kg8 20. f4 exf4 21. Bxf4
Qe7 22. Bf1 Nh5 23. Be3 Ne6 24. Nxe6 Bxe6 25. axb5 axb5 26. Ne2 Ba2 27. Bc5
Qxe4 28. Nc3 Bxc3 29. Qxc3 Bxb1 30. Rxb1 Nf4 31. Qf6 Re6 32. Qg5 Re5 0-1

[Event "Hastings Masters"]
[Site "Hastings"]
[Date "2006.12.31"]
[Round "4.23"]
[White "Grooten, Herman"]
[Black "Briscoe, Christopher"]
[Result "0-1"]
[WhiteElo "2387"]
[BlackElo "2121"]
[PlyCount "80"]
[EventDate "2006.12.28"]
[SourceDate "2006.12.28"]

1. d4 Nf6 2. Nf3 e6 3. c4 b6 4. a3 Bb7 5. Nc3 d5 6. cxd5 exd5 7. g3 Be7 8. Qa4+
Qd7 9. Qb3 Nc6 10. Bg2 O-O 11. O-O Rfe8 12. Bf4 Na5 13. Qa2 Ne4 14. Ne5 Nxc3
15. bxc3 Qe6 16. c4 dxc4 17. Bxb7 Nxb7 18. e4 g5 19. d5 Qf6 20. Ng4 Qg6 21.
Bxc7 Qxe4 22. Nh6+ Kg7 23. Rfe1 Qxd5 24. Re5 Qc6 25. Nf5+ Kf8 26. Nxe7 Rxe7 27.
Rxe7 Kxe7 28. Re1+ Kd7 29. Be5 Re8 30. Qc2 h6 31. Rd1+ Kc8 32. f4 f6 33. Qg6
Qe6 34. Bxf6 gxf4 35. Rf1 Rg8 36. Qh7 fxg3 37. Bg7 gxh2+ 38. Kxh2 Qe2+ 39. Kg3
Qe5+ 40. Kh4 Qh2+ 0-1

[Event "Hastings Masters"]
[Site "Hastings"]
[Date "2006.12.31"]
[Round "4.24"]
[White "Parmar, Amisha"]
[Black "Ashton, Adam"]
[Result "0-1"]
[WhiteElo "1981"]
[BlackElo "2304"]
[PlyCount "64"]
[EventDate "2006.12.28"]
[SourceDate "2006.12.28"]

1. e4 e5 2. Nf3 Nc6 3. Bb5 a6 4. Ba4 Nf6 5. O-O Bc5 6. Qe2 b5 7. Bb3 d6 8. c3
Bg4 9. h3 Bh5 10. d3 h6 11. Be3 Bxe3 12. Qxe3 O-O 13. Nbd2 Na5 14. Bc2 c5 15.
Qe2 Re8 16. Rfd1 d5 17. Nf1 Nc6 18. g4 Bg6 19. Ng3 d4 20. Rac1 Nh7 21. Nxe5
Nxe5 22. f4 Nc6 23. f5 Qh4 24. Qg2 Ng5 25. fxg6 Nxh3+ 26. Kf1 fxg6 27. Bb3+ Kh7
28. Ke1 Rf8 29. Bd5 Rf2 30. Qxf2 Nxf2 31. Kxf2 Qh2+ 32. Kf1 Qxg3 0-1

[Event "Hastings Masters"]
[Site "Hastings"]
[Date "2006.12.31"]
[Round "4.25"]
[White "Snowden, James"]
[Black "Furman, Boris"]
[Result "0-1"]
[WhiteElo "1903"]
[BlackElo "2263"]
[PlyCount "36"]
[EventDate "2006.12.28"]
[SourceDate "2006.12.28"]

1. e4 c5 2. Nc3 Nc6 3. g3 g6 4. Bg2 Bg7 5. d3 d6 6. Nge2 e5 7. O-O Nge7 8. Be3
O-O 9. Qd2 Nd4 10. Nd1 d5 11. Nec3 Bh3 12. exd5 Bxg2 13. Kxg2 Nxd5 14. Ne4 Qe7
15. c3 Ne6 16. f4 f5 17. Nef2 exf4 18. Bxf4 g5 0-1

[Event "Hastings Masters"]
[Site "Hastings"]
[Date "2006.12.31"]
[Round "4.26"]
[White "Rayner, Francis"]
[Black "Rice, Chris"]
[Result "1-0"]
[WhiteElo "2247"]
[BlackElo "2110"]
[PlyCount "71"]
[EventDate "2006.12.28"]
[SourceDate "2006.12.28"]

1. e4 c5 2. Nf3 d6 3. d4 cxd4 4. Nxd4 Nf6 5. Nc3 a6 6. Bc4 e6 7. Bb3 Nbd7 8. f4
Nc5 9. e5 Nfd7 10. exd6 Nf6 11. Qf3 Bxd6 12. Be3 O-O 13. O-O-O Qc7 14. Kb1 b5
15. Qxa8 Bb7 16. Qa7 Ra8 17. Ndxb5 axb5 18. Nxb5 Qe7 19. Qb6 Ra6 20. Qxa6 Bxa6
21. Nxd6 Nxb3 22. axb3 Nd5 23. Bc5 Qc7 24. b4 h5 25. f5 Qc6 26. fxe6 fxe6 27.
Rhe1 Nf4 28. g3 Nh3 29. Rxe6 Bc4 30. Re3 Qa6 31. b3 Bf7 32. b5 Qa8 33. Nxf7
Kxf7 34. Re7+ Kf6 35. Rf1+ Kg6 36. Bd4 1-0

[Event "Hastings Masters"]
[Site "Hastings"]
[Date "2006.12.31"]
[Round "4.27"]
[White "Eggleston, David"]
[Black "Henrichsen, Jens"]
[Result "1-0"]
[WhiteElo "2239"]
[BlackElo "2089"]
[PlyCount "89"]
[EventDate "2006.12.28"]
[SourceDate "2006.12.28"]

1. e4 c5 2. Nf3 d6 3. d4 cxd4 4. Nxd4 Nf6 5. Nc3 a6 6. g3 e6 7. Bg2 Be7 8. O-O
O-O 9. Qe2 Qc7 10. a4 Nc6 11. Nxc6 bxc6 12. a5 Rb8 13. b3 Nd7 14. Nd1 Rb5 15.
Bd2 Bf6 16. Rb1 c5 17. Ne3 Rb8 18. Ng4 Be7 19. Bc3 f6 20. f4 c4 21. b4 Bb7 22.
Ne3 Rfc8 23. Rbd1 Bc6 24. Rf2 Nf8 25. f5 Qb7 26. fxe6 Nxe6 27. Bh3 Ng5 28. Bxc8
Rxc8 29. Nd5 Nh3+ 30. Kg2 Nxf2 31. Qxf2 Re8 32. Qd4 Bf8 33. Qxc4 Kh8 34. Kg1
Rc8 35. Qd4 Bxd5 36. exd5 Qc7 37. Rd3 Kg8 38. Qe4 Qa7+ 39. Bd4 Qb8 40. Re3 Rc7
41. c3 Re7 42. Qd3 Qe8 43. Rxe7 Qxe7 44. Qxa6 Qe1+ 45. Qf1 1-0

[Event "Hastings Masters"]
[Site "Hastings"]
[Date "2006.12.31"]
[Round "4.28"]
[White "Jackson, Oliver"]
[Black "Armstrong, Malcolm"]
[Result "1/2-1/2"]
[WhiteElo "2225"]
[BlackElo "2101"]
[PlyCount "68"]
[EventDate "2006.12.28"]
[SourceDate "2006.12.28"]

1. e4 e6 2. d4 d5 3. Nc3 Nf6 4. e5 Nfd7 5. Qh5 c5 6. Nf3 cxd4 7. Nxd4 g6 8. Qg4
Nxe5 9. Qg3 Bg7 10. Bf4 Nbc6 11. Nxc6 Nxc6 12. Bd6 a6 13. O-O-O Bf8 14. Ne4
Bxd6 15. Nxd6+ Kf8 16. Qf4 Qe7 17. h4 h5 18. Qg3 Kg7 19. Be2 Kh7 20. Qf4 f5 21.
f3 e5 22. Nxc8 Raxc8 23. Qe3 d4 24. Qb3 e4 25. fxe4 fxe4 26. Rhf1 Rhf8 27. Kb1
d3 28. Bxh5 dxc2+ 29. Qxc2 gxh5 30. Qe2 Rxf1 31. Qxh5+ Kg7 32. Qg4+ Kh7 33.
Qh5+ Kg7 34. Qg4+ Kh7 1/2-1/2

[Event "Hastings Masters"]
[Site "Hastings"]
[Date "2006.12.31"]
[Round "4.29"]
[White "Salimbeni, George"]
[Black "Mulligan, Stephen"]
[Result "1/2-1/2"]
[WhiteElo "1624"]
[BlackElo "2199"]
[PlyCount "63"]
[EventDate "2006.12.28"]
[SourceDate "2006.12.28"]

1. e4 e5 2. Bc4 Nf6 3. d3 Bc5 4. Nc3 d6 5. f4 Nc6 6. f5 h6 7. a3 a6 8. h3 Bd7
9. g4 Nd4 10. Nf3 c6 11. Nxd4 Bxd4 12. Qf3 Qe7 13. g5 hxg5 14. Bxg5 O-O-O 15.
O-O-O Rh7 16. h4 Rdh8 17. Ne2 Bb6 18. Rh3 Kb8 19. Rdh1 Bd8 20. Ng3 Qf8 21. Nf1
Nh5 22. Bd2 Bf6 23. Kb1 Qe7 24. Bg5 Be8 25. Ng3 Nxg3 26. Qxg3 Rh5 27. Bxf6 Qxf6
28. Qg2 R8h6 29. Bb3 g6 30. fxg6 Rxg6 31. Qf3 Rgh6 32. Rf1 1/2-1/2

[Event "Hastings Masters"]
[Site "Hastings"]
[Date "2006.12.31"]
[Round "4.30"]
[White "Muter, Donny"]
[Black "Foord, Dominic"]
[Result "1-0"]
[WhiteElo "2146"]
[BlackElo "1894"]
[PlyCount "53"]
[EventDate "2006.12.28"]
[SourceDate "2006.12.28"]

1. Nf3 f5 2. c4 Nf6 3. Nc3 e6 4. h3 b6 5. g4 fxg4 6. hxg4 Bb7 7. Bg2 Nxg4 8.
Qc2 Qf6 9. Rxh7 Rxh7 10. Qxh7 Nh6 11. d3 Nf7 12. Bd2 Nc6 13. O-O-O O-O-O 14.
Ne4 Qe7 15. Qh5 d5 16. Neg5 Nd6 17. Nxe6 g6 18. Qxg6 Re8 19. cxd5 Na5 20. e4
Qd7 21. Kb1 Qa4 22. Rc1 Ba6 23. Ne5 Re7 24. Bxa5 bxa5 25. Bf1 Bg7 26. Nxg7 Rxe5
27. Qxd6 1-0

[Event "Hastings Masters"]
[Site "Hastings"]
[Date "2006.12.31"]
[Round "4.31"]
[White "Prosviriakov, Vladimir"]
[Black "Hickman, John"]
[Result "1-0"]
[WhiteElo "2346"]
[BlackElo "2058"]
[PlyCount "61"]
[EventDate "2006.12.28"]
[SourceDate "2006.12.28"]

1. d4 d6 2. e4 Nf6 3. Nc3 g6 4. f4 Bg7 5. Nf3 c5 6. dxc5 Qa5 7. Bd3 Qxc5 8. Qe2
O-O 9. Be3 Qa5 10. O-O Nc6 11. Kh1 Bg4 12. h3 Bxf3 13. Qxf3 Nd7 14. Bd2 Qd8 15.
Rae1 Rc8 16. Qg3 Nb6 17. Nd1 d5 18. e5 e6 19. Nf2 Qe7 20. Ng4 Nd7 21. c3 a6 22.
Be3 Na5 23. Bd4 Rc6 24. f5 exf5 25. Ne3 Qe6 26. Bxf5 Qe8 27. Nxd5 Qd8 28. Bxd7
Qxd7 29. Nf6+ Bxf6 30. exf6 Re6 31. Qg5 1-0

[Event "Hastings Masters"]
[Site "Hastings"]
[Date "2006.12.31"]
[Round "4.32"]
[White "Jain, Akash"]
[Black "Vrban, Damir"]
[Result "1/2-1/2"]
[WhiteElo "2036"]
[BlackElo "2130"]
[PlyCount "26"]
[EventDate "2006.12.28"]
[SourceDate "2006.12.28"]

1. e4 c5 2. Nf3 Nf6 3. Nc3 Nc6 4. d4 d5 5. exd5 Nxd5 6. Nxd5 Qxd5 7. Be3 cxd4
8. Nxd4 a6 9. Qf3 Qxf3 10. Nxf3 e5 11. Bc4 Be7 12. O-O-O O-O 13. Bb6 Kh8
1/2-1/2

[Event "Hastings Masters"]
[Site "Hastings"]
[Date "2006.12.31"]
[Round "4.35"]
[White "Kulago, Alexander"]
[Black "Webster, Richard J"]
[Result "1-0"]
[WhiteElo "2114"]
[BlackElo "1983"]
[PlyCount "153"]
[EventDate "2006.12.28"]
[SourceDate "2006.12.28"]

1. Nf3 Nf6 2. c4 c5 3. Nc3 Nc6 4. d4 cxd4 5. Nxd4 g6 6. e4 d6 7. Be3 Bg7 8. Be2
a6 9. O-O O-O 10. Rc1 Bd7 11. b3 Nxd4 12. Bxd4 b5 13. f3 bxc4 14. Bxc4 Bb5 15.
Nxb5 axb5 16. Bxb5 Rxa2 17. Ba4 Nd7 18. Bxg7 Kxg7 19. Ra1 Rxa1 20. Qxa1+ f6 21.
Bxd7 Qxd7 22. Qa4 Qc7 23. b4 Qb6+ 24. Kh1 Rb8 25. Rb1 Qb5 26. Qxb5 Rxb5 27. Kg1
f5 28. Kf2 fxe4 29. fxe4 Kf6 30. Ke3 Ke5 31. Kd3 e6 32. Kc4 Rb8 33. Re1 Rc8+
34. Kd3 Rb8 35. Rb1 Rb5 36. Rb2 g5 37. Kc4 Rb8 38. Ra2 Rc8+ 39. Kd3 Rb8 40. Rb2
Rb5 41. Rb1 h6 42. Rb2 h5 43. Rb1 h4 44. Rb2 Rb8 45. b5 Rb6 46. Ke3 d5 47. exd5
Kxd5 48. h3 Ke5 49. Rb4 Kd5 50. Kf3 Ke5 51. Kg4 Kf6 52. Rb2 Kg6 53. Rb3 Kh6 54.
Kf3 Kh5 55. Rb4 Kg6 56. Ke4 Kf6 57. Rb2 Kg6 58. Kd4 Kf6 59. Kc5 Rb8 60. b6 Kf5
61. Rf2+ Ke4 62. Kc6 e5 63. Kc7 Rg8 64. b7 Ke3 65. Rf5 e4 66. b8=Q Rxb8 67.
Kxb8 Kd2 68. g4 e3 69. Rxg5 e2 70. Re5 e1=Q 71. Rxe1 Kxe1 72. g5 Kf2 73. g6 Kg3
74. g7 Kxh3 75. g8=Q Kh2 76. Kc7 h3 77. Qg4 1-0

[Event "Hastings Masters"]
[Site "Hastings"]
[Date "2006.12.31"]
[Round "4.36"]
[White "Fraser, Joe"]
[Black "Humphreys, Jerry"]
[Result "1/2-1/2"]
[WhiteElo "1983"]
[BlackElo "2106"]
[PlyCount "43"]
[EventDate "2006.12.28"]
[SourceDate "2006.12.28"]

1. e4 c5 2. Nf3 e6 3. d4 cxd4 4. Nxd4 Nf6 5. Nc3 d6 6. g4 h6 7. h4 Nc6 8. Rg1
h5 9. gxh5 Nxh5 10. Bg5 Nf6 11. Qd2 Be7 12. O-O-O a6 13. f4 Qc7 14. Kb1 Bd7 15.
Be2 Rc8 16. Nb3 b5 17. a3 Na5 18. Nxa5 Qxa5 19. e5 b4 20. axb4 Qxb4 21. exd6
Bd8 22. Rg3 1/2-1/2

[Event "Hastings Masters"]
[Site "Hastings"]
[Date "2006.12.31"]
[Round "4.37"]
[White "Griffiths, Ryan Rhys"]
[Black "Auckland, Elliott"]
[Result "1-0"]
[WhiteElo "2104"]
[BlackElo "1850"]
[PlyCount "37"]
[EventDate "2006.12.28"]
[SourceDate "2006.12.28"]

1. e4 c5 2. Nf3 e6 3. d4 cxd4 4. Nxd4 a6 5. Nc3 Bc5 6. Nb3 Ba7 7. Bd3 Nc6 8.
O-O d6 9. Kh1 Nge7 10. f4 b5 11. a4 Bb7 12. axb5 axb5 13. Nxb5 Bb6 14. Rxa8
Bxa8 15. Qe2 d5 16. e5 Nc8 17. Bd2 Na5 18. Bxa5 Bxa5 19. Ra1 1-0

[Event "Hastings Masters"]
[Site "Hastings"]
[Date "2006.12.31"]
[Round "4.38"]
[White "O'Toole, George"]
[Black "Hutchinson, Norman"]
[Result "0-1"]
[WhiteElo "1935"]
[BlackElo "2097"]
[PlyCount "70"]
[EventDate "2006.12.28"]
[SourceDate "2006.12.28"]

1. e4 c6 2. c4 d5 3. exd5 cxd5 4. cxd5 Nf6 5. Nc3 Nxd5 6. Nf3 Nc6 7. Bc4 Nb6 8.
Bb5 e6 9. Ne5 Bd7 10. Nxd7 Qxd7 11. d4 a6 12. Bxc6 Qxc6 13. O-O Be7 14. Qg4 Bf6
15. Rd1 h5 16. Qe4 Qd7 17. Bf4 Rd8 18. Be5 Nd5 19. Rac1 Bxe5 20. Qxe5 f6 21.
Qg3 Kf7 22. Ne4 g6 23. Rd2 h4 24. Qb3 Rc8 25. Rdc2 Rxc2 26. Rxc2 b6 27. Qc4 f5
28. Ng5+ Kf6 29. Nf3 Rh7 30. Ne5 Qd6 31. Qc6 Qb4 32. Qc4 g5 33. a3 Qe1+ 34. Qf1
Qe4 35. Nf3 Qxc2 0-1

[Event "Hastings Masters"]
[Site "Hastings"]
[Date "2006.12.31"]
[Round "4.39"]
[White "Thilaganathan, Jessica"]
[Black "Pickersgill, Adrian"]
[Result "1/2-1/2"]
[WhiteElo "1871"]
[BlackElo "2093"]
[PlyCount "44"]
[EventDate "2006.12.28"]
[SourceDate "2006.12.28"]

1. d4 d5 2. c4 Nc6 3. Nf3 Bg4 4. e3 e6 5. Be2 Nf6 6. Nc3 Be7 7. O-O O-O 8. Ne5
Bxe2 9. Qxe2 Nxe5 10. dxe5 Ne4 11. Nxe4 dxe4 12. Qc2 Qd3 13. Qxd3 exd3 14. Rd1
Rad8 15. Bd2 f5 16. a3 c5 17. Rac1 Rd7 18. g3 g5 19. f3 Rfd8 20. Bc3 h5 21. h3
Kf7 22. Kf2 Kg6 1/2-1/2

[Event "Hastings Masters"]
[Site "Hastings"]
[Date "2006.12.31"]
[Round "4.40"]
[White "Cumming, Rhys"]
[Black "Lunn, Timothy"]
[Result "0-1"]
[WhiteElo "1552"]
[BlackElo "2079"]
[PlyCount "132"]
[EventDate "2006.12.28"]
[SourceDate "2006.12.28"]

1. e4 c5 2. c3 Nf6 3. e5 Nd5 4. d4 cxd4 5. Nf3 e6 6. cxd4 d6 7. Nc3 Nxc3 8.
bxc3 Qc7 9. Qb3 Nd7 10. Bf4 b6 11. Be2 Bb7 12. O-O Be7 13. Rac1 O-O 14. exd6
Bxd6 15. Bxd6 Qxd6 16. c4 Rab8 17. Qe3 Rfc8 18. Rfd1 Qc7 19. Ng5 Nf6 20. Bf3
Bxf3 21. Nxf3 Nd7 22. Ng5 Nf6 23. f3 Qd7 24. Ne4 Nxe4 25. fxe4 Rc7 26. d5 Rbc8
27. Qd4 h6 28. d6 Rc5 29. Kf2 e5 30. Qd3 b5 31. Qh3 Qxh3 32. gxh3 bxc4 33. Rd5
R5c6 34. d7 Rd8 35. Rcd1 c3 36. Rxe5 Rxd7 37. Ke2 Rb7 38. Kd3 Rb2 39. Rc1 Rxh2
40. Re8+ Kh7 41. Re7 Rxh3+ 42. Kc2 Rh2+ 43. Kb3 Rb6+ 44. Kc4 Rxa2 45. Rxc3 Rc6+
46. Kb3 Rxc3+ 47. Kxc3 Kg6 48. e5 Ra6 49. Kd4 h5 50. Rd7 h4 51. Rd6+ Rxd6+ 52.
exd6 h3 53. d7 h2 54. d8=Q h1=Q 55. Qd6+ Kh7 56. Qg3 a5 57. Qg5 Qa1+ 58. Kd3 g6
59. Ke4 a4 60. Kd5 a3 61. Kd6 a2 62. Ke7 Qg7 63. Qh4+ Kg8 64. Qd4 Qxd4 65. Ke8
a1=Q 66. Ke7 Qaa7+ 0-1

[Event "Hastings Masters"]
[Site "Hastings"]
[Date "2006.12.31"]
[Round "4.41"]
[White "Poobalasingam, Peter"]
[Black "Kenyon, Scott"]
[Result "1-0"]
[WhiteElo "2077"]
[BlackElo "1759"]
[PlyCount "97"]
[EventDate "2006.12.28"]
[SourceDate "2006.12.28"]

1. c4 e6 2. Nf3 f5 3. g3 Nf6 4. Bg2 Be7 5. O-O O-O 6. Nc3 d6 7. d4 Ne4 8. Qd3
Nxc3 9. bxc3 Nc6 10. Ba3 Rb8 11. Rfe1 b6 12. Rad1 Ba6 13. e4 Na5 14. Nd2 fxe4
15. Qxe4 Rf6 {(=)} 16. Bh3 Bc8 17. Qe2 Qe8 18. Bc1 Rh6 19. Bg4 Bg5 20. f4 Bd8
21. Ne4 Ba6 22. f5 Bxc4 23. Qf2 g5 24. Nxg5 Rf6 25. Nxe6 Bxe6 26. Rxe6 Qxe6 27.
fxe6 Rxf2 28. Kxf2 d5 29. Bf4 Nc6 30. Kg2 Ne7 31. Rf1 Ng6 32. Bh6 Be7 33. Rf7
c5 34. h4 Bf8 35. Bxf8 Nxf8 36. Rxa7 Re8 37. Bh5 Rxe6 38. Bf7+ Kh8 39. Bxe6
Nxe6 40. dxc5 bxc5 41. Kf3 Kg8 42. a4 d4 43. cxd4 Nxd4+ 44. Ke4 Ne2 45. g4 Nc3+
46. Ke5 Ne2 47. Kf6 h5 48. g5 c4 49. g6 1-0

[Event "Hastings Masters"]
[Site "Hastings"]
[Date "2006.12.31"]
[Round "4.42"]
[White "Wilson, Alexandra"]
[Black "Calvert, D Ian"]
[Result "1/2-1/2"]
[WhiteElo "2056"]
[BlackElo "2064"]
[PlyCount "36"]
[EventDate "2006.12.28"]
[SourceDate "2006.12.28"]

1. e4 d5 2. exd5 Qxd5 3. Nc3 Qd6 4. d4 Nf6 5. Bc4 a6 6. Nge2 b5 7. Bb3 Bb7 8.
Bf4 Qd7 9. f3 e6 10. Qd2 c5 11. dxc5 Qxd2+ 12. Kxd2 Bxc5 13. Rad1 Nc6 14. Kc1
Rd8 15. Rxd8+ Kxd8 16. Rd1+ Kc8 17. a3 Rd8 18. Rxd8+ Kxd8 1/2-1/2

[Event "Hastings Masters"]
[Site "Hastings"]
[Date "2006.12.31"]
[Round "4.43"]
[White "Tucker, Andrew"]
[Black "Almond, Richard"]
[Result "0-1"]
[WhiteElo "1956"]
[BlackElo "2124"]
[PlyCount "44"]
[EventDate "2006.12.28"]
[SourceDate "2006.12.28"]

1. e4 d5 2. exd5 Qxd5 3. Nc3 Qa5 4. d4 c6 5. Nf3 Nf6 6. Bd2 Qc7 7. Bc4 Bf5 8.
Ne5 e6 9. O-O Bd6 10. Re1 O-O 11. Bb3 Nbd7 12. Qe2 a6 13. h3 c5 14. Nxd7 Qxd7
15. dxc5 Bxc5 16. Rad1 Qc6 17. a3 Bd4 18. Rc1 Rac8 19. Nd1 Be4 20. c3 Bc5 21.
g3 Rfd8 22. Bc2 Bf3 0-1

[Event "Hastings Masters"]
[Site "Hastings"]
[Date "2006.12.31"]
[Round "4.44"]
[White "Norinkeviciute, Rasa"]
[Black "Messam-Sparks, Lateefah"]
[Result "1-0"]
[WhiteElo "2094"]
[BlackElo "1560"]
[PlyCount "49"]
[EventDate "2006.12.28"]
[SourceDate "2006.12.28"]

1. f4 d5 2. Nf3 Nf6 3. e3 Bf5 4. d4 e6 5. Nbd2 a6 6. Ne5 Ne4 7. Ndf3 Nd7 8. c3
Nxe5 9. fxe5 Bg4 10. Bd3 Be7 11. O-O Qd7 12. Qc2 Bf5 13. b3 g5 14. c4 g4 15.
Nd2 g3 16. Nxe4 gxh2+ 17. Kxh2 dxe4 18. Bxe4 Bxe4 19. Qxe4 c6 20. Bd2 Bg5 21.
Ba5 h5 22. Rf3 h4 23. Raf1 Rf8 24. Qg4 Qe7 25. Bb6 1-0

[Event "Hastings Masters"]
[Site "Hastings"]
[Date "2006.12.31"]
[Round "4.45"]
[White "Goldsworthy, Patrick"]
[Black "Chevannes, Sabrina"]
[Result "0-1"]
[WhiteElo "2093"]
[BlackElo "1936"]
[PlyCount "114"]
[EventDate "2006.12.28"]
[SourceDate "2006.12.28"]

1. e4 c6 2. d4 d5 3. exd5 cxd5 4. Nf3 Nc6 5. Be2 Bf5 6. O-O e6 7. c3 Bd6 8. Bg5
Qc7 9. Nbd2 Nge7 10. c4 O-O 11. c5 Bf4 12. Bh4 Qd7 13. a3 a5 14. Bb5 Bg4 15.
Qa4 Qc7 16. Rfe1 Qc8 17. Bg3 Bxg3 18. hxg3 Qc7 19. Qc2 Bf5 20. Qc3 a4 21. Nh4
Ra5 22. Bf1 Qd8 23. b4 axb3 24. Nxb3 Ra7 25. Nxf5 Nxf5 26. Bd3 Qf6 27. Red1
Rfa8 28. Qb2 Ncxd4 29. Nxd4 Qxd4 30. Qb6 Qf6 31. a4 Ne7 32. Rdc1 Nc8 33. Qc7
Qe7 34. Qf4 Ra5 35. Bb5 Na7 36. Rab1 g6 37. g4 Nc6 38. Rb3 e5 39. Qh6 {(=)} Nd4
40. Rh3 f6 41. Rb1 Rc8 42. Qd2 Ra7 43. g5 f5 44. Re1 Qxc5 45. Bd7 Rc7 46. Rxe5
Rxd7 47. Re8+ Kg7 48. Qe1 Nc6 49. Qe6 Qc1+ 50. Kh2 Qf4+ 51. Rg3 Rf7 52. Qxd5
Rxa4 53. Qb3 Re4 54. Qb2+ Re5 55. Ra8 Qd4 56. Qb3 Re4 57. Rf3 Ne5 0-1

[Event "Hastings Masters"]
[Site "Hastings"]
[Date "2006.12.31"]
[Round "4.46"]
[White "Cohen, Ronnie"]
[Black "Dennis, Nigel"]
[Result "1-0"]
[WhiteElo "1841"]
[BlackElo "2020"]
[PlyCount "57"]
[EventDate "2006.12.28"]
[SourceDate "2006.12.28"]

1. e4 c5 2. Nc3 Nc6 3. g3 g6 4. Bg2 Bg7 5. d3 d6 6. f4 a6 7. Nf3 Nf6 8. O-O O-O
9. h3 Bd7 10. g4 e6 11. Ne2 Rb8 12. Ng3 b5 13. g5 Ne8 14. h4 c4 15. h5 gxh5 16.
Nxh5 Nd4 17. c3 Nxf3+ 18. Rxf3 a5 19. Rh3 cxd3 20. Rxd3 b4 21. e5 h6 22. Nf6+
Nxf6 23. gxf6 Qb6+ 24. Kh2 Qf2 25. Rg3 Kh8 26. fxg7+ Kg8 27. gxf8=Q+ Kxf8 28.
Qxd6+ Ke8 29. Rg8# 1-0

[Event "Hastings Masters"]
[Site "Hastings"]
[Date "2006.12.31"]
[Round "4.47"]
[White "Rety, John"]
[Black "Macrae, James"]
[Result "1-0"]
[WhiteElo "1965"]
[BlackElo "1759"]
[PlyCount "121"]
[EventDate "2006.12.28"]
[SourceDate "2006.12.28"]

1. e4 e5 2. d4 exd4 3. Qxd4 Nc6 4. Qe3 Qf6 5. Nf3 Bb4+ 6. Nc3 d6 7. Bd2 Bg4 8.
Bb5 Nge7 9. e5 Qe6 10. exd6 Qxe3+ 11. Bxe3 Bxd6 12. Nd4 Bd7 13. O-O-O a6 14.
Nxc6 Bxc6 15. Bxc6+ Nxc6 16. Ne4 Bb4 17. Bf4 Ba5 18. Nc5 Rb8 19. c3 Bb6 20.
Rhe1+ Ne7 21. Rd7 Bxc5 22. Rxc7 Rd8 23. Rxc5 Rd7 24. Rc8+ Rd8 25. Rc7 Rd7 26.
Bd6 Rxc7 27. Bxc7 Kd7 28. Be5 f6 29. Rd1+ Kc8 30. Bf4 Nc6 31. b4 Re8 32. Be3
Ne5 33. Rd4 g6 34. Kd2 Re6 35. Kc2 Rc6 36. Kb3 Re6 37. c4 f5 38. h3 Nc6 39. Rd5
Re4 40. a4 f4 41. Bb6 Re8 42. b5 axb5 43. axb5 Ne7 44. Rc5+ Kb8 45. Bc7+ Kc8
46. Bxf4+ Kd8 47. Bg5 Kd7 48. Re5 Nf5 49. Rxe8 Kxe8 50. Kb4 Kd7 51. Kc5 Nd6 52.
Kd5 Nf5 53. g4 Nd6 54. Bf4 Nf7 55. c5 g5 56. Be5 h6 57. f4 gxf4 58. Bxf4 Ke7
59. h4 Kd7 60. c6+ bxc6+ 61. bxc6+ 1-0

[Event "Hastings Masters"]
[Site "Hastings"]
[Date "2006.12.31"]
[Round "4.48"]
[White "Van de Laar, Michael"]
[Black "Haydon, David"]
[Result "0-1"]
[WhiteElo "1088"]
[BlackElo "2073"]
[PlyCount "32"]
[EventDate "2006.12.28"]
[SourceDate "2006.12.28"]

1. Nf3 d5 2. d4 Nf6 3. g3 c5 4. e3 Nc6 5. Bg2 Bf5 6. a3 e6 7. O-O Be7 8. Re1
Rc8 9. Nc3 O-O 10. Ne5 Nxe5 11. dxe5 Ng4 12. f4 d4 13. exd4 cxd4 14. Ne2 Bxc2
15. Qd2 d3 16. Bxb7 Qb6+ 0-1

[Event "Hastings Masters"]
[Site "Hastings"]
[Date "2006.12.31"]
[Round "4.49"]
[White "Barron, David"]
[Black "Weidman, Mark"]
[Result "1-0"]
[WhiteElo "1232"]
[BlackElo "1232"]
[PlyCount "39"]
[EventDate "2006.12.28"]
[SourceDate "2006.12.28"]

1. d4 d5 2. Nc3 e6 3. Nf3 c5 4. Bf4 Nc6 5. e3 Bd6 6. Bxd6 Qxd6 7. Nb5 Qe7 8.
dxc5 a6 9. Nd6+ Kf8 10. Be2 f6 11. O-O Nh6 12. c4 dxc4 13. Bxc4 e5 14. h3 Rb8
15. g4 Be6 16. Bxe6 Qxe6 17. e4 g6 18. Qd5 Qd7 19. Nh2 Kg7 20. Nf5+ 1-0

[Event "Hastings Masters"]
[Site "Hastings"]
[Date "2007.01.01"]
[Round "5.1"]
[White "Gagunashvili, Merab"]
[Black "Jones, Gawain"]
[Result "1-0"]
[WhiteElo "2611"]
[BlackElo "2430"]
[PlyCount "79"]
[EventDate "2006.12.28"]
[SourceDate "2006.12.28"]

1. d4 e6 2. c4 b6 3. Nc3 Bb7 4. a3 f5 5. Nf3 Nf6 6. d5 a5 7. g3 Na6 8. Bg2 Nc5
9. Nd4 Nfe4 10. Nxe4 fxe4 11. dxe6 dxe6 12. Be3 Qf6 13. Qc2 Bd6 14. O-O O-O 15.
Nb5 Qf5 16. Nc3 Rad8 17. b4 axb4 18. axb4 Na6 19. b5 Nc5 20. Ra7 Ba8 21. Bxc5
Bxc5 22. Rxa8 Rxa8 23. Bxe4 Qxf2+ 24. Rxf2 Rxf2 25. Qc1 Ra3 26. Qxa3 Rf5+ 27.
Qxc5 Rxc5 28. Bd3 Kf7 29. Kg2 Rh5 30. g4 Rh6 31. Ne4 e5 32. Ng5+ Ke7 33. Nxh7
Kd6 34. Ng5 Kc5 35. Kg3 c6 36. h4 cxb5 37. cxb5 Kd5 38. Ne4 Rh8 39. g5 Rf8 40.
h5 1-0

[Event "Hastings Masters"]
[Site "Hastings"]
[Date "2007.01.01"]
[Round "5.2"]
[White "Ansell, Simon"]
[Black "Gofshtein, Zvulon"]
[Result "1/2-1/2"]
[WhiteElo "2394"]
[BlackElo "2509"]
[PlyCount "116"]
[EventDate "2006.12.28"]
[SourceDate "2006.12.28"]

1. e4 c5 2. Nf3 e6 3. d3 Nc6 4. g3 d5 5. Nbd2 Bd6 6. Bg2 Nge7 7. O-O O-O 8. Nh4
f6 9. f4 Bd7 10. Ndf3 Rc8 11. Qe2 b5 12. e5 fxe5 13. fxe5 Bc7 14. Bh3 Qe8 15.
c4 bxc4 16. dxc4 dxc4 17. Be3 Nd4 18. Nxd4 cxd4 19. Bxd4 Nd5 20. Rxf8+ Qxf8 21.
Rf1 Qe7 22. Bxa7 Ra8 23. Bd4 Rxa2 24. Qf2 Ra8 25. Bc5 Qxc5 26. Qxc5 Bb6 27.
Qxb6 Nxb6 28. Rd1 Ra2 29. Rxd7 Nxd7 30. Bxe6+ Kf8 31. Bxd7 Rxb2 32. e6 g6 33.
Nf3 c3 34. Ne1 Re2 35. Kf1 Rxh2 36. Ba4 Ke7 37. Bb3 Rd2 38. Nc2 h5 39. Ne3 Rb2
40. Bc2 g5 41. Ke2 Rb8 42. Kd3 Kxe6 43. Kxc3 Rd8 44. Bd1 {(=)} h4 45. gxh4 gxh4
46. Bg4+ Ke5 47. Bh3 Ke4 48. Ng4 Kf4 49. Nf6 Rd6 50. Nd7 Rc6+ 51. Kd4 Rd6+ 52.
Kc4 Kg3 53. Bf5 h3 54. Bxh3 Kxh3 55. Nc5 Kg2 56. Ne4 Rd8 57. Kc5 Kf3 58. Nd6
Rxd6 1/2-1/2